Automatizace měření /

Gespeichert in:
Bibliographische Detailangaben
1. Verfasser: Matyáš, Vladislav (Verfasst von)
Format: Buch
Sprache:Tschechisch
Veröffentlicht: Praha : SNTL, 1987
Tags: Tag hinzufügen
Keine Tags, Fügen Sie das erste Tag hinzu!

MARC

LEADER 00000nam a22000003a 4500
001 stu3069
005 20150617225616.8
008 930212s1987----cs------------------cze-d
040 |a STU  |b slo 
041 0 |a cze 
044 |a cs 
080 |a 681.32.08 
080 |a 53.08 
100 1 |a Matyáš, Vladislav  |4 aut 
245 1 |a Automatizace měření /  |c [aut.] Matyáš,Vladislav 
260 |a Praha :  |b SNTL,  |c 1987 
300 |a 198 s 
996 |b E65606  |c E*65606  |l EE05  |s P  |a 0  |w stu3069_0001 
996 |c I*3R3518  |l I  |s A  |a 24  |w stu3069_0002 
996 |b E64790  |c E*64790  |l EE30  |s P  |a 0  |w stu3069_0007 
996 |b E65607  |c E*65607  |l EE05  |s P  |a 0  |w stu3069_0009 
996 |b 284EK05493  |c E*67549  |l EE01  |s A  |a 24  |w stu3069_0010 
996 |b 284EK05495  |c E*80897  |l EE0101  |s P  |a 0  |w stu3069_0012 
996 |b 284EK90720  |c E* 90720  |l EE01  |s A  |a 24  |w stu3069_0014